The Kashf al-Maḥjúb : (Record no. 186843)

000 -LEADER
fixed length control field 01721 a2200169 4500
003 - CONTROL NUMBER IDENTIFIER
control field NUST
005 - DATE AND TIME OF LATEST TRANSACTION
control field 20221208180352.0
040 ## - CATALOGING SOURCE
Transcribing agency Nust
082 ## - DEWEY DECIMAL CLASSIFICATION NUMBER
Classification number 297.4,ALH
110 ## - MAIN ENTRY--CORPORATE NAME
Corporate name or jurisdiction name as entry element Nicholson,A. Reynold
9 (RLIN) 104498
245 ## - TITLE STATEMENT
Title The Kashf al-Maḥjúb :
Remainder of title the oldest persian treatise on sufism /
Statement of responsibility, etc. Ali B. Uthman Al-Jullabbi Alhuwiri, Translated by Reynold A. Nicholson
260 ## - PUBLICATION, DISTRIBUTION, ETC.
Place of publication, distribution, etc. Pakistan
Name of publisher, distributor, etc. Islamic Architec
Date of publication, distribution, etc. 1996
300 ## - PHYSICAL DESCRIPTION
Extent xiv,439:p.;
505 ## - FORMATTED CONTENTS NOTE
Formatted contents note On The Affirmation Of Knowledge (Page-11), On Poverty (Page-19), On Sufism (Page-30), On Wearing Patched Frocks (Page-45),On Different Opinions Held Concerning Poverty And Purity (Page-58), On Blame (Page-62), Concerning Their Imams Who Belong To The Companion (Page-70), Concerning Their Imams Who Belonged To The House Of The Prophet (Page-75), Concerning The People Of The Veranda (Page-81), Concerning Their Imams Who Belong To The Followers (Page-83), Concerning Their Imams Who Lived Subsequently To The Followers Down To Our Day (Page-88), Concerning The Principal Sufis Of Recent Times (Page-161), A Brief Account Of Modern Sufis In Different Countries (Page-172), Concerning The Doctrines Held By Different Sects Of Sufis (Page-176), The Uncovering Of First Veil (Page-267), The Uncovering Of Second Veil (Page-278), The Uncovering Of Third Veil (Page-286), The Uncovering Of Fourth Veil (Page-291), The Uncovering Of Fifth Veil (Page-300), The Uncovering Of Six Veil (Page-314), The Uncovering Of Seventh Veil (Page-320), The Uncovering Of Eighth Veil (Page-326), The Uncovering Of Ninth Veil (Page-334), The Uncovering Of Tenth Veil (Page-367), The Uncovering Of Eleventh Veil (Page-393).
650 ## - SUBJECT ADDED ENTRY--TOPICAL TERM
Topical term or geographic name entry element Islam and Sufi Isem
9 (RLIN) 104499
942 ## - ADDED ENTRY ELEMENTS (KOHA)
Source of classification or shelving scheme
Koha item type Book
Call number prefix 297.4,ALH
Holdings
Withdrawn status Lost status Source of classification or shelving scheme Damaged status Not for loan Permanent Location Current Location Shelving location Date acquired Total Checkouts Full call number Barcode Date last seen Date last checked out Price effective from Koha item type Public note
          Military College of Signals (MCS) Military College of Signals (MCS) General Stacks 12/12/2016 1 297.4,ALH MCS2006 04/19/2023 04/18/2023 12/12/2016 Book Almirah No.47, Shelf No.4
© 2023 Central Library, National University of Sciences and Technology. All Rights Reserved.